00313nam a2200121Ia 4500008004100000041000800041082001400049100002500063245004500088260002900133300002400162365000500186240624s9999 xx 000 0 und d aeng a658.4 DAU aDAUPHINAIS WILLIAM G aSTRAIGHT FROM THE CEO THE WORLDS TOP BUS c1998aNew YorkbFireside a318 : p. : cm. ; 25 c